Which Ad pulled best? (Record no. 83116)

MARC details
000 -LEADER
fixed length control field 00699nam a2200169 a 4500
008 - FIXED-LENGTH DATA ELEMENTS--GENERAL INFORMATION
fixed length control field 120416s0000 ||||||||||||||||| || u
020 ## - INTERNATIONAL STANDARD BOOK NUMBER
International Standard Book Number 0844232920
050 ## - LIBRARY OF CONGRESS CALL NUMBER
Classification number HF 5825 Bur
100 ## - MAIN ENTRY--PERSONAL NAME
Personal name Burton, Philip Ward
245 10 - TITLE STATEMENT
Title Which Ad pulled best?
250 ## - EDITION STATEMENT
Edition statement 6th ed.
260 ## - PUBLICATION, DISTRIBUTION, ETC.
Place of publication, distribution, etc. Lincolnwood
Name of publisher, distributor, etc. NTC Business Books
Date of publication, distribution, etc. 1991
300 ## - PHYSICAL DESCRIPTION
Extent xv, 140p. : ill.
350 ## -
-- 0.00
995 ## -
-- MAIN LIBRARY OPEN ACCESS
-- 0.00
-- 723847
-- CBU-MAIN LIBRARY (Kitwe)
-- 1
-- 0.00
-- HF 5825 Bur
-- 2
-- LOST
-- Feb 11, 2008
-- 008588
-- Main Library Open Access Collection
995 ## -
-- MAIN LIBRARY OPEN ACCESS
-- 0.00
-- 007152
-- CBU-MAIN LIBRARY (Kitwe)
-- 1
-- 0.00
-- HF 5825 Bur
-- AVAILABLE
-- 007152
-- Main Library Open Access Collection
999 ## -
-- 83116
-- 83116
Holdings
Withdrawn status Lost status Source of classification or shelving scheme Damaged status Not for loan Permanent Location Current Location Shelving location Date acquired Total Checkouts Full call number Barcode Date last seen Copy number Price effective from Koha item type
          CBU-MAIN LIBRARY, KITWE. CBU-MAIN LIBRARY, KITWE.   10/25/2023   HF 5825 Bur 008588 10/25/2023 1 10/25/2023 MONOGRAPH
          CBU-MAIN LIBRARY, KITWE. CBU-MAIN LIBRARY, KITWE.   10/25/2023   HF 5825 Bur 007152 10/25/2023 2 10/25/2023 MONOGRAPH